Účinky európskej integrácie ako formy sui generis medzinárodnej integrácie
Vymedzenie medzinárodnej integrácie v ekonomických teóriách. Dynamizácia teórie medzinárodnej ekonomickej integrácie. Empirické štúdie účinkov medzinárodnej ekonomickej integrácie. Vymedzenie medzinárodnej ekonomickej integrácie v teóriách medzinárodných vzťahov. Empirické štúdie neekonomických ú...
Gespeichert in:
| 1. Verfasser: | |
|---|---|
| Weitere Verfasser: | |
| Format: | Buchkapitel |
| Sprache: | Slowakisch |
| Schlagworte: | |
| Tags: |
Keine Tags, Fügen Sie das erste Tag hinzu!
|
MARC
| LEADER | 00000naa$a2200000$$$4500 | ||
|---|---|---|---|
| 001 | 0083992 | ||
| 005 | 20240711084113.9 | ||
| 041 | 0 | |a slo | |
| 044 | |a SK | ||
| 245 | 1 | 0 | |a Účinky európskej integrácie ako formy sui generis medzinárodnej integrácie |c Zuzana Kittová, Denisa Báráňová-Čiderová |
| 520 | |a Vymedzenie medzinárodnej integrácie v ekonomických teóriách. Dynamizácia teórie medzinárodnej ekonomickej integrácie. Empirické štúdie účinkov medzinárodnej ekonomickej integrácie. Vymedzenie medzinárodnej ekonomickej integrácie v teóriách medzinárodných vzťahov. Empirické štúdie neekonomických účinkov medzinárodnej integrácie s aplikáciou na európsku integráciu. | ||
| 610 | 2 | 0 | |a integrácia ekonomická medzinárodná |
| 610 | 2 | 0 | |a teórie ekonomické |
| 610 | 2 | 0 | |a vzťahy medzinárodné |
| 610 | 2 | 0 | |a hospodárstvo svetové |
| 610 | 2 | 0 | |a pojmy |
| 610 | 2 | 0 | |a zoskupenia integračné medzinárodné |
| 100 | 1 | |a Kittová, Zuzana, 1975- | |
| 700 | 1 | |a Báráňová-Čiderová, Denisa, 1977- | |